Senzibilita detí voči reklame
Deti ako spotrebitelia. Charakteristika detí. Deti a reklama. Sledovanie citlivosti slovenských detí vo veku 10-15 rokov voči reklame, s dôrazom na televíznu reklamu.
Guardado en:
| Autor principal: | |
|---|---|
| Formato: | Capítulo de libro |
| Lenguaje: | eslovaco |
| Materias: | |
| Etiquetas: |
Sin Etiquetas, Sea el primero en etiquetar este registro!
|
MARC
| LEADER | 00000naa$a2200000$$$4500 | ||
|---|---|---|---|
| 001 | 0089311 | ||
| 005 | 20240502072010.7 | ||
| 041 | 0 | |a slo | |
| 044 | |a SK | ||
| 245 | 1 | 0 | |a Senzibilita detí voči reklame |c Jana Pásztorová |
| 520 | |a Deti ako spotrebitelia. Charakteristika detí. Deti a reklama. Sledovanie citlivosti slovenských detí vo veku 10-15 rokov voči reklame, s dôrazom na televíznu reklamu. | ||
| 610 | 2 | 0 | |a spotrebitelia |
| 610 | 2 | 0 | |a marketing |
| 610 | 2 | 0 | |a deti |
| 610 | 2 | 0 | |a reklama |
| 610 | 2 | 0 | |a televízia |
| 100 | 1 | |a Pásztorová, Jana, 1960- | |